Statistics for The Chemical Brothers Discography

Click here to take the quiz!

General Stats

  • This quiz has been taken 7 times
  • The average score is 16 of 27

Answer Stats

TypeYearName% Correct
Album2002Come with Us
100%
EP2002Come with Us/Japan Only EP
100%
Album1997Dig Your Own Hole
100%
Album1995Exit Planet Dust
100%
Album2010Further
100%
Soundtrack2011Hanna: Original Motion Picture Soundtrack
100%
Album2005Push the Button
100%
Album1999Surrender
100%
Album2007We Are the Night
100%
Album2015Born in the Echoes
75%
Compilation2008Brotherhood
75%
EP2002AmericanEP
50%
Mix Album1998Brothers Gonna Work It Out
50%
Video Album2012Don't Think
50%
Mix Album1996Live at the Social Volume 1
50%
EP1996Loops of Fury
50%
EP1994My Mercury Mouth E.P
50%
Compilation2007B-Sides Volume 1
25%
Mix Album2003Confront Your Demons
25%
EP1994Fourteenth Century Sky
25%
Mix Album2002In Glint
25%
Live EP2005Live 05
25%
Mix Album1997Radio 1 Anti-Nazi Mix
25%
Remix Album2008Remixes
25%
Video Album2003Singles 93-03
25%
Compilation2003Singles 93-03
25%
Remix Album2005The Remixes Volume 06
25%

Score Distribution

Percentile by Number Answered

Percent of People with Each Score

Your Score History

You have not taken this quiz